|
|
|
|
| LEADER |
00000naa2a2200000 4500 |
| 001 |
202809 |
| 005 |
20231031185431.0 |
| 035 |
|
|
|a (RuTPU)RU\TPU\book\221003
|
| 035 |
|
|
|a RU\TPU\book\61829
|
| 090 |
|
|
|a 202809
|
| 100 |
|
|
|a 20111021d2000 k y0rusy50 ca
|
| 101 |
0 |
|
|a rus
|
| 102 |
|
|
|a RU
|
| 200 |
1 |
|
|a Геофизическая характеристика и проблема золотоносности Томского района
|f Г. Г. Номоконова, А. Н. Орехов, О. В. Колмакова
|
| 320 |
|
|
|a Библиогр.: с. 475 (4 назв.)
|
| 461 |
|
1 |
|0 (RuTPU)RU\TPU\book\192715
|t Материалы региональной конференции геологов Сибири Дальнего Востока и Северо-Востока России
|n [Б. и.]
|d 2000
|
| 463 |
|
1 |
|0 (RuTPU)RU\TPU\book\23226
|t Т. 2 Металлогения и полезные ископаемые. Геоэкология. Палеонтология и стратеграфия. Геоинформатика. Геофизические методы
|v С. 473-475
|d 2000
|p 516 с.
|
| 610 |
1 |
|
|a труды учёных ТПУ
|
| 700 |
|
1 |
|a Номоконова
|b Г. Г.
|c геолог
|c доцент Томского политехнического университета, кандидат геолого-минералогических наук
|f 1942-
|g Галина Георгиевна
|2 stltpush
|3 (RuTPU)RU\TPU\pers\18578
|
| 701 |
|
1 |
|a Орехов
|b А. Н.
|c российский геолог
|c старший преподаватель Томского политехнического института
|c выпускник ТПИ 1984
|f 1962-
|g Александр Николаевич
|2 stltpush
|3 (RuTPU)RU\TPU\pers\18583
|
| 701 |
|
1 |
|a Колмакова
|b О. В.
|
| 801 |
|
1 |
|a RU
|b 63413507
|c 20031202
|g PSBO
|
| 801 |
|
2 |
|a RU
|b 63413507
|c 20111021
|g PSBO
|
| 942 |
|
|
|c BK
|